000 00400nam a2200169Ia 4500
003 GCL
008 140319s9999 xx 000 0 eng d
040 _aGCL /
_cGCL
082 0 4 _aCH
_b381
_bB T
100 1 _aBUTTERFLY BOOKS
245 1 0 _aTRADE /
_cBUTTERFLY BOOKS
260 _a[S.N] :
_bLIBRAIRIE DU LIBAN ،
_c1988
300 _a32
650 0 4 _aTRADE
650 0 4 _aCHILDREN
942 _2ddc
_cBK
999 _c17310
_d17310